| 000 | 01072nam a22002537a 4500 | ||
|---|---|---|---|
| 005 | 20080711103247.0 | ||
| 006 | a|||||r|||||00| 0 | ||
| 008 | 080711t xxu||||| |||| 00| f hin d | ||
| 010 | _aHIN-83814 | ||
| 020 |
_c120.00 _a0143100327 |
||
| 035 | _aHN-56160 | ||
| 037 | _bDBAD / PUB | ||
| 040 |
_aDPL _bHN |
||
| 082 | _aउ | ||
| 100 | _aअंसल, कुसुम | ||
| 245 |
_aएक और पंचवटी / _cकुसुम अंसल |
||
| 246 |
_aEk aur panchwati _bby Kusum Ansal |
||
| 260 |
_aनई दिल्ली _bपेंगुइन बुक्स _c2006 |
||
| 270 |
_a11, कम्युनिटी सेन्टर, पंचशील पार्क _bनई दिल्ली _e110017 |
||
| 300 |
_a152पृ _c22सेमी(अजिल्द) |
||
| 650 | _aHindi Novels | ||
| 942 |
_2ddc _cHN _hउ _mअंसल |
||
| 999 |
_c14409 _d14409 |
||